Wealth of India : A dictionary of Indian raw materials and industrial products V2:B : Raw materials (Record no. 40848)

MARC details
000 -LEADER
fixed length control field 00342nam a2200109Ia 4500
082 ## - DEWEY DECIMAL CLASSIFICATION NUMBER
Classification number 339.1(038)
Item number WEA-2:B-R
245 #0 - TITLE STATEMENT
Title Wealth of India : A dictionary of Indian raw materials and industrial products V2:B : Raw materials
250 ## - EDITION STATEMENT
Edition statement Rev Ed
260 ## - PUBLICATION, DISTRIBUTION, ETC. (IMPRINT)
Place of publication New Delhi
Name of publisher CSIR
Year of publication 1988
942 ## - ADDED ENTRY ELEMENTS (KOHA)
Koha item type Books
Holdings
Withdrawn status Lost status Damaged status Not for loan Home library Current library Date acquired Cost, normal purchase price Full call number Accession Number Koha item type
        RRII Library RRII Library 16/12/2021 220.00 339.1(038) WEA-2:B-R 21142 Books